Регионална библиотека "Любен Каравелов" - Русе

Маркетинг на 100% (Запис номер 50238)

MARC детайли
000 -Лидер
Контролно поле с фиксирана дължина 02577nam a2200457 c 4500
003 - Код на организацията, давaща контролен номер
Контролно поле BLK
005 - Дата и час на последна редакция
Контролно поле 20250224153122.0
008 - Елементи от данни с фиксирана дължина
fixed length control field 180408b bul|||||r ||||||| ||bul||
010 ## - Наследен системен номер
LC control number KNG00054109000
020 ## - Международен стандартен номер на книга ISBN
Международен стандартен номер на книга ISBN 954-464-144-0
-- издат.: ФорКом
040 ## - Източник на каталожния запис
Идентификатор на билиотеката - собственик на записа BLK
041 ## - Код за език
Код за езика на текст/звукозапис или на отделно заглавие Български
Код за езика КДБФ Български
080 ## - УДК
Текстов определител УДК Пазар. Анализ на пазара. Търсене. Предлагане. Конкуренция. Маркетингова логистика
УДК код - определител по УДК 339.13
УДК определител
УДК - код + определител 339.13
080 ## - УДК
Текстов определител УДК Методи на управление. Мениджмънт. Анализи, планиране, ръководство, сътрудничество, контрол, коопериране и др.
УДК код - определител по УДК 005.5
УДК определител
УДК - код + определител 005.5
080 ## - УДК
Текстов определител УДК Икономическа психология. Икономическо поведение. Физиологични и психологични елементи. Интереси. Икономически дух
УДК код - определител по УДК 330.16
УДК определител
УДК - код + определител 330.16
100 ## - Редна дума - Автор
Автор Ман, Игор Борисович
R(LIN) 283088
139 ## - Редно поле
Редна дума Ман, Игор
Авторски знак Ман - М 25
245 10 - Сведения за заглавието
Заглавие Маркетинг на 100%
Подзаглавни данни Как се става добър мениджър по маркетинг : Нови мисли, идеи и предложения ; Нови гл., миниатюри, прил., комент. и заповеди за добрия мениджър по маркетинг
Редно поле (дума) Игор Ман; прев. Изабела Гудинова; прев. Мария Танева.
257 ## - Страна на издаване
Страна на създаване/издаване Русия
260 ## - Област на издателските данни
-- София
Име на издателя, разпространителя и проч. ФорКом
Година на издаване 2004
300 ## - Физическа характеристика
Страници 272 с.
Размери/Мащаб 20 см
380 ## - Жанр
Жанр Обществени науки
500 ## - Общи забележки
Забележка Ориг. загл. Маркетинг на 100% : Как стать хорошим менеджером по маркетингу / Игорь Манн. - Офс. изд. - За автора.
650 #4 - Допълнително описание по предмет – тема
Основно описание – тема или топоним Маркетинг
9 (RLIN) 161163
650 #4 - Допълнително описание по предмет – тема
Основно описание – тема или топоним Управление и организация
9 (RLIN) 265069
650 #4 - Допълнително описание по предмет – тема
Основно описание – тема или топоним Управленски труд
9 (RLIN) 244358
650 #4 - Допълнително описание по предмет – тема
Основно описание – тема или топоним Икономическо поведение
9 (RLIN) 245306
653 ## - Ключова дума – ненормативна
Ключова дума маркетинг
653 ## - Ключова дума – ненормативна
Ключова дума търговия
653 ## - Ключова дума – ненормативна
Ключова дума бюджет
653 ## - Ключова дума – ненормативна
Ключова дума управление
653 ## - Ключова дума – ненормативна
Ключова дума управленски труд
700 1# - Други автори (авторска отговорност)
Лично име Гудинова, Изабела
Автороска отговорност (Описва отношението между автора и произведението) прев.
9 (RLIN) 57008
700 1# - Други автори (авторска отговорност)
Лично име Танева, Мария
Автороска отговорност (Описва отношението между автора и произведението) прев.
9 (RLIN) 283089
852 ## - Местоположение
Форматна сигнатура Цб 223926
856 4# - Електронен адрес и достъп
Електронен формат pdf - файл
Път до файла /url/
856 4# - Електронен адрес и достъп
Електронен формат pdf - файл
Път до файла /url/
942 ## - АРТИКУЛИ
Вид на библиотечния материал Книги
Скрит в OPAC Не
Koha issues (borrowed), all copies 3
944 ## - СЪЗДАВАНЕ И РЕДАКЦИЯ на ЗАПИСА
Създаване/Редакция Създаване
Дата на регистрацията/редакция 31.05.2005
Статус, дата на статуса Цветелина Шанова
Служител, извършил регистрацията/редакцията 30531
944 ## - СЪЗДАВАНЕ И РЕДАКЦИЯ на ЗАПИСА
Създаване/Редакция Редакция
Дата на регистрацията/редакция 25.04.2016
Статус, дата на статуса ф /
Служител, извършил регистрацията/редакцията Людмила_Стоянова
999 ## - СИСТЕМНИ КОНТРОЛНИ НОМЕРА
Koha biblionumber 50238
Koha biblioitemnumber 50238
Наличности
Код за отписване Код за изгубен артикул Код за повреда Коз за рестрикции Код за отдаване Артикулен № Име на библиотеката - собственик Име на библиотеката, в която се намира в момента Статус (Текущо местоположение) Дата на вписване в системата Местоположение - отдел Цена в лева Инвентарен номер Систематично азбучна сигнатура Баркод Номер на екземпляра Цена в евро Служебна бележка Служебен тип на артикула
  Не е изгубен Не е повреден без рестрикции ползва се в читалня 78602 Регионална библиотека "Любен Каравелов" Русе Регионална библиотека "Любен Каравелов" Русе Хранилище 2006-06-23 Хранилище 11.96 120000703360 Цб 223926 120000703360 1 6.12 Дост: Dp Вид: Д N: 26 Дата: 15.06.2005 Книги
  Не е изгубен Не е повреден без рестрикции заемане за дома 78603 Регионална библиотека "Любен Каравелов" Русе Регионална библиотека "Любен Каравелов" Русе Заемна - подръчен фонд 2016-04-15 Заемна - подръчен фонд 11.96 120000799799 П 339/М 25 120000799799 2 6.12 Дост: DA Вид: А N: 16 Дата: 15.04.2016 Дата инв: 05.02.2018 Бележки инв: П2018 Книги
Vip Innovations Ltd, Rousse, Bulgaria 2025